<?xml version="1.0" encoding="UTF-8"?>
<collection xmlns="http://www.loc.gov/MARC21/slim">
 <record>
  <leader>00381nam a22001215a 4500</leader>
  <controlfield tag="001">EUN.um030520</controlfield>
  <controlfield tag="003">AR-BaUNS</controlfield>
  <controlfield tag="005">20050623122906.0</controlfield>
  <controlfield tag="008">041125b########xx############000#0#spa#d</controlfield>
  <datafield tag="245" ind1="1" ind2="0">
   <subfield code="a">Ubicación zoogeográfica de las islas Malvinas /</subfield>
   <subfield code="c">Raúl A. Ringuelet.</subfield>
  </datafield>
  <datafield tag="100" ind1="1" ind2=" ">
   <subfield code="a">Ringuelet, Raúl A.</subfield>
  </datafield>
  <datafield tag="082" ind1="0" ind2="4">
   <subfield code="a">591.99711</subfield>
  </datafield>
  <datafield tag="859" ind1=" " ind2=" ">
   <subfield code="a">Ar-BaUNS</subfield>
   <subfield code="b">BIB. CENTRAL - Sector C</subfield>
   <subfield code="h">591.99711</subfield>
   <subfield code="i">R473</subfield>
   <subfield code="p">73812/976</subfield>
  </datafield>
 </record>
</collection>
